| 000 | 00906nam a22001937a 4500 | ||
|---|---|---|---|
| 008 | 090726t xxu||||| |||| 00| 0 ara d | ||
| 020 | _a9772087561 | ||
| 082 |
_222 _a320.962 _bا ل ب |
||
| 100 | 1 |
_98110 _aالبحيرى ، زكى |
|
| 245 | 1 | 0 |
_aالسودان تحت الحكم الانجليزى المصرى : _bدراسة فى علاقات وادى النيل1899-1936 _cزكى البحيرى |
| 250 | _aط 1. | ||
| 260 |
_aالقاهرة: _bمدبولى، _c2009 |
||
| 300 |
_a456ص ؛ _c24 سم |
||
| 504 | _aيشتمل على ارجاعات ببليوجرافية( ص408-418 | ||
| 651 |
_98111 _aالسودان _xاحوال سياسية |
||
| 651 |
_98112 _aالسودان _xتاريخ |
||
| 942 |
_2ddc _cBB |
||
| 999 |
_c12404 _d12404 |
||